Alimentos producidos orgánicamente

Bibliographic Details
Format: Section = Libro
Language:Undetermined
Spanish
Published: Roma FAO 2007
Edition:3a.ed
Subjects:
LEADER 00484nam a2200193Ia 4500
008 240830s9999 xx 000 0 und d
020 |a 978-92-5-305835-8 
040 |a CEDOC FIQ-RUSB / 664 O68 
041 |a spa 
082 |a 664 O68 
245 1 0 |a Alimentos producidos orgánicamente 
250 |a 3a.ed 
260 |a Roma  |b FAO  |c 2007 
300 |a 52 p. :il 
650 7 |a TECNOLOGIA DE ALIMENTOS 
650 7 |b  ALIMENTOS - BIOTECNOLOGICOS 
942 |c BK  |2 ddc 
991 |a TEXTO 
999 |c 14124